000 00467nam a22001457a 4500
003 MACL
005 20200219162712.0
008 200219b xxu||||| |||| 00| 0 eng d
040 _cMACL
100 _aयात्री,से.रा.
_978333
245 _aखोई हुई दिशाएँ
260 _aदिल्‍ली
_bगैलेक्‍सी पब्लिकेशर्स
_c2019
650 _aउपन्‍यास
_978334
942 _2ddc
_cHIN
999 _c62168
_d62168